| 000 | 00780nam a2200229 i 4500 | ||
|---|---|---|---|
| 001 | 145488 | ||
| 003 | ES-MaACL | ||
| 005 | 20230906201237.0 | ||
| 007 | t| | ||
| 008 | 070214s1934 fr |||| |dfre d | ||
| 080 | _a821.111-31"17" | ||
| 100 | 1 |
_aSterne, Laurence. _9108138 |
|
| 245 | 1 | 0 |
_aVoyage sentimental à travers la France et l'Italie / _cLaurence Sterne ; traduit par Aurélien Digeon. |
| 260 |
_aParis : _bÉd. Aubier-Montaigne, _c1934 ( _fImp. Ramlot) |
||
| 300 |
_aXXX 130 p. ; _c19 cm. |
||
| 490 | 1 | _aCollection bilingue des classiques étrangers | |
| 500 | _aTexto en inglés y francés. | ||
| 700 | 1 |
_aDigeon, Aurélien. _944796 |
|
| 830 | 0 |
_aCollection bilingue des classiques étrangers _9187404 |
|
| 852 |
_aES-MaACL _jA-2556 |
||
| 999 |
_c145488 _d145488 |
||